000
00347nam a2200157Ia 4500
008
221030s9999 xx 000 0 und d
020
_a
8120307780
041
_a
English
082
_a
105.23
100
_a
A. I. Holub
245
0
_a
Compiler Design in C
260
_b
PHI
_a
New Delhi
_c
2007
300
_a
924
650
_a
Computers
942
_c
BK
999
_c
5651
_d
5651